000
00264nam a2200109 4500
999
_c
166754
_d
166754
082
_a
_b
100
_a
Noorjahan Begum
245
_a
Krishna bhakth muzalman kavi/
_c
by Noorjahan Begum.
260
_a
Mathura:
_b
Jawahar Pustakalaya,
_c
650
_a
942
_c
BK